03369cam a22003978i 450000100090000000300050000900500170001400800410003101000170007202000310008903500130012004000290013304200080016205000220017008200220019210000270021424501170024126300090035826400560036730000470042333600260047033700280049633800270052449000390055150400510059050507780064152010540141965000280247365000520250170000420255377601440259590600450273994200450278495201250282999900170295422134706CSPC20250807120110.0210715s2022 enk b 001 0 eng  a 2021033478 a9780367537166q(paperback) a22134706 aDLCbengerdacDLCdCSPC apcc00aNA2005b.H39 202200a720.72bH313a2231 aHawkes, Dean,eauthor.14aThe architect and the academy :bessays on research and environment /cDean Hawkes ; foreword by Susannah Hagan. a2112 1aAbingdon, Oxon ;aNew York, NY :bRoutledge,c2022. axiii, 174 pages :billustrations ;c23 cm. atextbtxt2rdacontent aunmediatedbn2rdamedia avolumebnc2rdacarrier0 aRoutledge research in architecture aIncludes bibliographical references and index.0 aIntroduction -- The centre and the periphery: some reflections on the nature and conduct of architectural research -- The Architect and the academy -- The shaping of architectural research -- Bridging the cultures: architecture, models and computers in 1960s Cambridge -- The environment of the Elizabethan house: Hardwick hall -- The origins of building science in the architecture of renaissance England -- The measurable and the Unmeasurable of daylight design -- The selective environment: environmental design and cultural identity -- The technical imagination: thoughts on the relation of technique and design in architecture -- Typology versus invention: acoustics and the architecture of music performance -- Musical affinities: Aalto and kokkonen, scarpa and nono. a"This book presents an expansive overview of the development of architectural and environmental research, with authoritative essays spanning Dean Hawkes' impressive 50-year academic career. The book is structured in two thematic parts, The Nature and Practice of Architectural Research and Themes in the Architecture of Environment. It considers the relationship between the technologies of environment and wider historical and theoretical factors, with chapters on topics ranging from the origins of modern 'building science' in Renaissance England to technology and imagination in architecture. It includes numerous architectural examples from the renowned architects such as Christopher Wren, Peter Zumthor, Alvar Aalto, Robert Venturi and Carlo Scarpa. Aimed at students, scholars, and researchers in architecture and beyond, this illustrated volume collates important and wide-ranging essays tracing the definition, scope and methodologies of architectural and environmental studies, with a foreword by Susannah Hagan"--cProvided by publisher. 0aArchitecturexResearch. 0aBuildingsxEnvironmental engineeringxResearch.1 aHagan, Susannah,ewriter of foreword.08iOnline version:aHawkes, Dean.tArchitect and the academydAbingdon, Oxon ; New York, NY : Routledge, 2022z9781003083023w(DLC) 2021033479 a7bcbccorignewd1eecipf20gy-gencatlg 2ddccBKe23h720.72iH313akENGm2022n0 00102ddc4070aCSPCbCSPCcENGd2025-08-07l0oENG 720.72 H313a 2022p029873r2025-08-07 12:01:35t1-1w2025-08-07yBK c29927d29927